01082cam a2200253 a 450000100100000000500170001000800410002704000290006808200220009710000370011924501220015626000480027830000260032650400300035265000410038265000180042365100390044170000310048091000340051104900090054595201260055495201310068099900170081100001482920250318134442.0710610s1971 mau b 000 0 eng d aDO-SdBNPbengcLCdBNPHU a301.320973bW534f1 aWestoff, Leslie Aldridge.93358710aFrom now to zero :bfertility, contraception and abortion in America /cLeslie Aldridge Westoff y Charles F. Westoff. aBoston :bLittle, Brown and Company,c1971. axxi, 358 p. ;c22 cm. aBibliografías: 357-358. 4aControl natalzEstados Unidos933588 0aAborto930003 4aEstados UnidosxPoblación9335891 aWestoff, Charles F.933590 aCatalogación por copia / LC aBNGR 001054708MOaGRbGRcCTd2010-01-22iLF1l0o301.320973 W534fp14829-10r2020-06-25w2020-06-25y4ZPréstamo en sala 001054728MOaGRbGRcCTd2010-01-22iLF1l0o301.320973 W534fp14829-20r2020-06-25te.2w2020-06-25y4ZPréstamo en sala c14409d14409